[Event "Moscow City Team-ch"]
[Site "Moscow"]
[Date "2021.09.12"]
[Round "2"]
[White "Mirzoyan, Samvel"]
[Black "Khlypovka, Stepan"]
[Result "1/2-1/2"]
[WhiteElo "1829"]
[BlackElo "1725"]
[PlyCount "82"]
[EventDate "2021.09.11"]
[EventType "team-swiss"]
[EventRounds "7"]
[EventCountry "RUS"]
[SourceTitle "EXT 2022"]
[Source "ChessBase"]
[SourceDate "2021.10.06"]
[SourceVersion "1"]
[SourceVersionDate "2021.10.06"]
[SourceQuality "1"]

1. e4 c6 2. d4 d5 3. exd5 cxd5 4. Bd3 Nc6 5. c3 Nf6 6. Bf4 Bg4 7. Qb3 Qb6 8. Qxb6 axb6 9. h3 Bh5 10. Na3 e6 11. Nb5 Kd7 12. Ne2 Be7 13. Kd2 Bg6 14. Bxg6 hxg6 15. f3 Rhc8 16. b4 Na7 17. Nxa7 Rxa7 18. Rhb1 Rca8 19. Nc1 b5 20. Kc2 Bd6 21. Bxd6 Kxd6 22. Kb3 Nd7 23. a3 Nb6 24. Ra2 Nc4 25. Rba1 b6 26. Nd3 Kc6 27. f4 Kd6 28. Ne1 Rc7 29. Nf3 Rac8 30. Rc1 Ke7 31. Re2 Nd6 32. g4 Ra7 33. Ra1 Ne4 34. Re3 Rh8 35. Ng5 Nd6 36. Re2 Rha8 37. Nf3 Rc7 38. Ng5 Rca7 39. Nf3 Nc4 40. Rea2 Rh8 41. Rh2 Rc8 1/2-1/2